| 000 -LEADER |
| fixed length control field |
01203pab a2200157 454500 |
| 008 - FIXED-LENGTH DATA ELEMENTS--GENERAL INFORMATION |
| fixed length control field |
180718b xxu||||| |||| 00| 0 eng d |
| 100 ## - MAIN ENTRY--PERSONAL NAME |
| Personal name |
Koch, Rainer |
| 245 ## - TITLE STATEMENT |
| Title |
Public management and leadership: towards the design of leadership in the context of public management systems |
| 520 ## - SUMMARY, ETC. |
| Summary, etc. |
Discussing the design of leadership concepts, the author argues that the changed expectations as wel as changed conditions of service delivery, demand a bias towards a more person-oriented concepts of leadership. It is expexted that leadership should lead a comprehensive development of a given capabilities and motivations on the part of public servants. The overall public management systems should determine the concept of leadership useful from a functional point of view. A comparative analysis of quite diffe0ent developments-the Australian and West German experiences is given: The author outlines the possible relations between public management concepts and leadership from a functional or efficiency - ori |
| 650 ## - SUBJECT ADDED ENTRY--TOPICAL TERM |
| Topical term or geographic name entry element |
Australia |
| 650 ## - SUBJECT ADDED ENTRY--TOPICAL TERM |
| Topical term or geographic name entry element |
Leadership |
| 650 ## - SUBJECT ADDED ENTRY--TOPICAL TERM |
| Topical term or geographic name entry element |
Public Administration |
| 650 ## - SUBJECT ADDED ENTRY--TOPICAL TERM |
| Topical term or geographic name entry element |
Leadership - Australia |
| 773 ## - HOST ITEM ENTRY |
| Main entry heading |
Australian Journal of Public Administration |
| 909 ## - |
| -- |
2076 |